000 00759nam a2200217Ia 4500
003 GCL
008 140319s9999 xx 000 0 ara d
040 _aGCL /
_cGCL
082 0 4 _a792.013
_bا ا
100 1 _aاحمد محمد عطية
245 1 0 _aازمة المسرح العربى /
_cاحمد محمد عطية
260 _a[S.N] :
_bالمؤسسة العربية للدراسات والنشر ،
_c1993
300 _a238 ص
490 _aكتاب قضايا عربية فى الوحدة العربية وقضاي
_v0
650 0 4 _aالادب العربى
650 0 4 _aالمسرح والمجتمع
650 0 4 _aالمسرح العربى
650 0 4 _aتاريخ ونقد
650 0 4 _aالمسرحيات العربية
942 _2ddc
_cBK
999 _c58559
_d58559